000 00599nam a2200229Ia 4500
008 180620s9999 xx 000 0 und d
020 _a0-572-03010-X
050 _aREF NC 730
050 _b.H39 2004
100 _aHazlewood, Robin.
245 3 _aAn Introduction to drawing :
245 3 _ban artist's guide to skill & techniques /
245 0 _cRobin Hazlewood.
260 _aLondon :
260 _bArcturus Publishing,
260 _c2004
300 _a208 pages :
300 _billustrations ;
300 _c30 cm.
500 _aIncludes index.
650 _aDrawing -- Technique.
999 _c358017
_d358017